00492nam a22001697a 450000500170000000800410001702000180005804000210007604100080009708200170010510000340012224500540015625000120021026000380022230000100026065000520027020221130124409.0221130b ||||| |||| 00| 0 eng d a9789385229558 aIN-DiNCcIN-DiNC dasm a891.451bDEK aDeka, Lokendra Prasadeauthor aJogya bhogya basundhara/cby Lokendra Prasad Deka a1st ed. aGuwahati:bMR publication,c2017. a174p. aAssamese articles on various aspects of society